000 00379nam a2200145Ia 4500
008 100122s9999 xx 000 0 und d
082 _b49897
_a824
100 _aप्रभावळकर दिलीप
245 _aझूम
260 _bप्रभात प्रकाशन
_c1994
300 _a128
630 _aझूम
730 _aझूम
942 _cBOOK
999 _c427704
_d427701